| 000 | 00612nam a22002057a 4500 | ||
|---|---|---|---|
| 003 | DO-SdBNP | ||
| 005 | 20180130104739.0 | ||
| 008 | 151207b 1990 sp xxu||||| |||| 00| 0 spa d | ||
| 040 |
_aBPMSU _bspa _cBPMSU |
||
| 092 |
_axxxxx _bxxxxx |
||
| 245 |
_aLos hechos de Zacarías / _cGuillermo Morón. |
||
| 260 |
_aEsplugues de Llobregat, Barcelona : _bPlaza & Janés, _c1990. |
||
| 300 |
_a179 p. ; _c22 cm. |
||
| 490 | 1 |
_aEdiciones Paradigna _v; 7 |
|
| 830 | 0 |
_aEdiciones Paradigna _n; 7 |
|
| 910 | _a00260 | ||
| 942 |
_2ddc _cBK |
||
| 945 | _aInvetariado extranjero / 2018 VM | ||
| 956 |
_aLorenza Pérez _b10 |
||
| 999 |
_c9033 _d9033 |
||